000 01361cam a2200373 i 4500
001 18265544
003 OSt
005 20230908132943.0
008 140813s2015 nyua b 001 0 eng
010 _a 2014031708
020 _a9781138838543 (pbk.)
020 _a9780367241469
020 _z9781315734231 (ebk)
040 _aDLC
_beng
_cDLC
_erda
_dDLC
042 _apcc
050 0 0 _aTR161
_b.R36 2015
082 0 0 _a770.76
_bRAN/T
100 1 _aRand, Glenn
_99454
245 1 0 _aTeaching photography :
_btools for the imaging educator /
_cGlenn Rand, Jane Alden Stevens, Garin Horner.
250 _aSecond edition.
264 1 _aNew York :
_bFocal Press, Taylor & Francis Group
_c2015.
300 _axii, 323 pages :
_billustrations ;
_c25 cm
336 _atext
_btxt
_2rdacontent
337 _aunmediated
_bn
_2rdamedia
338 _avolume
_bnc
_2rdacarrier
500 _a"First published 2006 by Focal Press"--Title page verso.
504 _aIncludes bibliographical references.
650 0 _aPhotography
_xStudy and teaching.
700 1 _aStevens, Jane Alden,
_eauthor.
700 1 _aHorner, Garin,
_eauthor.
906 _a7
_bcbc
_corignew
_d1
_eecip
_f20
_gy-gencatlg
942 _2ddc
_cBK
_h770.76
_iRAN/T
_k770.76
_mRAN/T
999 _c42161
_d42161